Uplatnenie absolventov vysokých škôl študijných odborov automobilového priemyslu na trhu práce diplomová práca

Salvato in:
Dettagli Bibliografici
Autore principale: Šimková, Eva
Ente Autore: Národohospodárska fakulta EU. Katedra verejnej správy a regionálneho rozvoja
Altri autori: Mišúnová, Ema
Natura: Libro
Lingua:slovacco
Pubblicazione: Bratislava 2017
Tags: Aggiungi Tag
Nessun Tag, puoi essere il primo ad aggiungerne!!

MARC

LEADER 00000nbm a2200000 4500
001 0231960
005 20171019121235.7
041 0 |a slo 
044 |a SK 
245 1 0 |a Uplatnenie absolventov vysokých škôl študijných odborov automobilového priemyslu na trhu práce  |b diplomová práca  |c Eva Šimková ; školiteľ: Ema Mišúnová 
264 1 |a Bratislava  |c 2017 
300 |a 86 s. 
100 1 |a Šimková, Eva 
700 1 |a Mišúnová, Ema 
710 2 |a Národohospodárska fakulta EU. Katedra verejnej správy a regionálneho rozvoja